La muceta roja / (Record no. 163751)

MARC details
000 -LEADER
campo de control de longitud fija 00755nam a2200205 i 4500
001 - NÚMERO DE CONTROL
campo de control 163751
003 - IDENTIFICADOR DE NÚMERO DE CONTROL
campo de control ES-MaACL
005 - FECHA Y HORA DE LA ÚLTIMA TRANSACCIÓN
campo de control 20230906212814.0
008 - DATOS DE LONGITUD FIJA--INFORMACIÓN GENERAL
campo de control de longitud fija 951113s1890 sp |||| | spa d
080 ## - NÚMERO DE LA CLASIFICACIÓN DECIMAL UNIVERSAL
Número de la Clasificación Decimal Universal 821.134.2-31"18"
100 1# - ENTRADA PRINCIPAL--NOMBRE DE PERSONA
Nombre de persona Rodríguez Carracido, José,
Fechas asociadas al nombre 1856-1928
9 (RLIN) 98407
245 13 - MENCIÓN DEL TÍTULO
Título La muceta roja /
Mención de responsabilidad, etc. José R. Carracido.
260 ## - PUBLICACIÓN, DISTRIBUCIÓN, ETC.
Lugar de publicación, distribución, etc. Madrid :
Nombre del editor, distribuidor, etc. [s.n.],
Fecha de publicación, distribución, etc. 1890 (
Fabricante Imp. de Fortanet)
300 ## - DESCRIPCIÓN FÍSICA
Extensión 406 p. ;
Dimensiones 20 cm.
530 ## - NOTA DISPONIBLE DE FORMULARIO FÍSICO ADICIONAL
Nota de formato físico adicional disponible Disponible en formato digital.
852 ## - LOCALIZACIÓN
Ubicación ES-MaACL
Número de control de estantería F-8767
Nota libre - Enc. pasta
856 ## - LOCALIZACIÓN Y ACCESO ELECTRÓNICOS
Identificador Uniforme de Recursos <a href="http://bdh-rd.bne.es/viewer.vm?id=0000197432&page=1 ">http://bdh-rd.bne.es/viewer.vm?id=0000197432&page=1 </a>
Nota pública Biblioteca Digital Hispánica
856 ## - LOCALIZACIÓN Y ACCESO ELECTRÓNICOS
Identificador Uniforme de Recursos <a href="https://archive.org/details/LaMucetaRoja/page/n3/mode/2up ">https://archive.org/details/LaMucetaRoja/page/n3/mode/2up </a>
Nota pública Internet Archive
Holdings
Estatus retirado Estado de pérdida Estado de daño No para préstamo Colección Biblioteca de origen Biblioteca actual Ubicación en estantería Fecha de adquisición Fuente de adquisición Total de préstamos Signatura topográfica completa Código de barras Visto por última vez Precio de reemplazo Tipo de ítem Koha
        Colección digital Biblioteca del Ateneo de Madrid Biblioteca del Ateneo de Madrid Sala Pecera Planta 2 17/01/2008     F-8767 1171607 23/02/2023 23/02/2023 Libro impreso antiguo